Представление документа в формате RUSMARC

ПолеНазваниеЗначение
  Тип записи a
  Библиографический уровень m
001 Контрольный номер RU\bookru\bibl\920751
003 Постоянный идентификатор записи http://www.book.ru/book/920751
005 Дата корректировки 20161026112538.3
010 Индекс ISBN __
a ISBN 978-5-406-00903-1
100 Данные общей обработки 0_
a Данные общей обработки 20160901d2016 mk y0rusy50 ca
101 Язык документа 0_
a Язык текста Русский
102 Страна публикации __
a Страна публикации RU
105 Кодированные данные (монография) __
a Кодированные данные (монография) y ||||000yy
200 Заглавие и сведения об ответственности 1_
a Заглавие Управление персоналом организации
210 Выходные данные __
a Место издания Москва
c Издательство КноРус
d Дата издания 2016
215 Физическое описание __
a Объем 532
330 Аннотация __
a Аннотация Важнейшие вопросы теории и практики управления персоналом организации рассматриваются с точки зрения целей организации и направлений ее развития. Изучаются эволюция менеджмента, общие и специальные функции управления, закономерности создания и совершенствования организации. Определяется система управления персоналом, анализируются комплексные функции формирования, использования и развития персонала организации с учетом затрат на их реализацию в рамках современных концепций менеджмента. Материал основан на богатом отечественном и зарубежном опыте. Приведены многочисленные практические примеры. Даются необходимые рекомендации. В издание включен новый актуальный материал, изменены некоторые формулировки в связи с результатами новейших исследований. Для студентов, аспирантов и преподавателей вузов, слушателей системы послевузовского образования. Учебное пособие может быть использовано для самостоятельного изучения предмета, а также в качестве справочника руководителями и специалистами, профессионально занимающимися управлением персоналом.
606 Тематические рубрики __
a Основная рубрика Менеджмент
2 Код системы local
608 Указатель предметных рубрик __
a Жанр/форма Учебник
2 Код системы local
675 Индекс УДК __
a Индекс УДК 658.014.1(075.8)
z Язык издания rus
686 Индексы других классификаций __
a Классификационный индекс 65.050.9(2)2я73
2 Код системы rubbk
700 Автор _1
a Фамилия Федорова Н.В., Минченкова О.Ю.
801 Источник записи _1
a Страна RU
b Организация book_ru
c Дата составления 20160901
g Правила каталогизации RCR
856 Электронный адрес документа 4_
u Универсальный указатель ресурса (URL) http://www.book.ru/book/920751
951 __
a http://www.book.ru/book/920751